00596nam a2200157Ia 4500003000900000008004100009020001800050040001600068080002300084110002600107245015000133260004500283300001600328490001600344650007800360IN-BaIIA211028s9999 xx 000 0 eng d a92-9092-339-7 cIIA Library a083.8:524.3bESA-9 aEuropean Space Agency 0aHipparcos and Tycho cataloguesbvol. 9, Hipparcos catalogue 19h - 23h: 93201-118322cEuropean Space Agency  aNetherlandsbEuropean Space Agencyc1997 a1374-2377p. aESA SP-1200 aHipparcos and Tycho catalogues, Catalog-Hipparcos and Tycho, Star catalog